Luchas sociales y neoliberalismo de guerra en América Latina /
Spremljeno u:
| Glavni autor: | |
|---|---|
| Format: | Tekst |
| Teme: | |
| Oznake: |
Dodaj oznaku
Bez oznaka, Budi prvi tko označuje ovaj zapis!
|
MARC
| LEADER | 00000 a a2200000 04500 | ||
|---|---|---|---|
| 001 | 10992 | ||
| 003 | |||
| 040 | |||
| 100 | |a Algranati, Clara | ||
| 245 | |a Luchas sociales y neoliberalismo de guerra en América Latina / |c Clara Algranati | ||
| 650 | |a CONFLICTOS SOCIALES | ||
| 650 | |a MOVIMIENTOS SOCIALES | ||
| 650 | |a RECESION ECONOMICO | ||
| 650 | |a MILITARISMO | ||
| 650 | |a ALCA | ||
| 773 | |g volumen 4, número 10; páginas 37-52 | ||
| 999 | |c 33911 |d 33911 | ||
